Który kraj jest większy? - Statystyki

Ogólne statystyki
  • Ten quiz został rozwiązany 86 razy
  • Średni wynik to 6 z 15
Statystyki odpowiedzi
Zagadnienie Odpowiedź % Poprawnych
Które z tych państw jest większe? Islandia
60%
Które z tych państw jest większe? Malezja
60%
Które z tych państw jest większe? Polska
60%
Które z tych państw jest większe? Szwecja
60%
Które z tych państw jest większe? Włochy
60%
Które z tych państw jest większe? Wybrzeże Kości Słoniowej
60%
Które z tych państw jest większe? Algieria
40%
Które z tych państw jest większe? Brazylia
40%
Które z tych państw jest większe? Chiny
40%
Które z tych państw jest większe? Irlandia
40%
Które z tych państw jest większe? Kirgistan
40%
Które z tych państw jest większe? Iran
20%
Które z tych państw jest większe? Mauretania
0%
Które z tych państw jest większe? Vanuatu
0%
Które z tych państw jest większe? Wyspy Salomona
0%
Nie znaleziono quizów pasujących do podanych kryteriów
Rozkład punktacji
Procent ludzi z każdym wynikiem
Percentyl według liczby udzielonych odpowiedzi
Twoja historia wyników
Nie rozwiązałeś tego quizu